|
|
|
|
| LEADER |
00000cam a2200000 a 4500 |
| 001 |
vtls009083668 |
| 003 |
SK-MaSNL |
| 005 |
20260302005343.0 |
| 008 |
240314s2003 ru a f 001 0 rus |
| 020 |
|
|
|a 5801602518
|q (viaz.)
|
| 040 |
|
|
|a SNK
|b slo
|c SNK
|e AACR2
|
| 041 |
0 |
|
|a rus
|
| 044 |
|
|
|a ru
|c RU
|
| 072 |
|
7 |
|a 359
|x Vojenské námorníctvo a loďstvo
|2 konspekt
|
| 080 |
|
|
|a 359
|2 2001
|
| 080 |
|
|
|a 069:656.61
|2 2001
|
| 080 |
|
|
|a 656.61-051
|2 2001
|
| 080 |
|
|
|a (470)
|2 2001
|
| 080 |
|
|
|a 629.54
|2 2001
|
| 080 |
|
|
|a (084.11)
|2 2001
|
| 080 |
|
|
|a (048.8)
|2 2001
|
| 100 |
1 |
|
|a Keller, Jelena Èrvinovna
|4 aut
|9 646673
|
| 245 |
1 |
0 |
|a Peterburg - morskaja stolica Rossiji
|b 300-letije Sankt-Peterburga
|c Je. E. Keller, A. E. Keller
|
| 260 |
|
|
|a Sankt-Peterburg
|b Izdatel'stvo Michajlova V. A.
|c 2003
|
| 300 |
|
|
|a 159 s.
|b ilustr.
|c 29 cm
|
| 650 |
0 |
7 |
|a vojenské námorníctvo
|2 SNKPH
|9 68560
|
| 650 |
0 |
7 |
|a námorníctvo
|2 SNKPH
|9 29938
|
| 650 |
0 |
7 |
|a námorné lode
|2 SNKPH
|9 86276
|
| 650 |
0 |
7 |
|a námorné múzeá
|2 SNKPH
|9 71556
|
| 650 |
0 |
7 |
|a námorníci
|2 SNKPH
|9 50046
|
| 650 |
0 |
7 |
|a Naval forces
|2 SNKPHeng
|9 342585
|
| 650 |
0 |
7 |
|a Naval vessels
|2 SNKPHeng
|9 402321
|
| 650 |
0 |
7 |
|a Maritime museums
|2 SNKPHeng
|9 646674
|
| 650 |
0 |
7 |
|a Sailors
|2 SNKPHeng
|9 308446
|
| 651 |
|
7 |
|a Petrohrad (Rusko)
|2 SNKPH
|9 31081
|
| 651 |
|
7 |
|a Saint Petersburg (Russia)
|2 SNKPHeng
|9 325385
|
| 655 |
|
7 |
|a monografie
|2 SNKPH
|9 70139
|
| 655 |
|
7 |
|a obrazové publikácie
|2 SNKPH
|9 70343
|
| 655 |
|
7 |
|a Monographs
|2 SNKPHeng
|9 120675
|
| 655 |
|
7 |
|a Pictorial works
|2 SNKPHeng
|9 284468
|
| 700 |
1 |
|
|a Keller, Aleksandr Èrvinovič
|4 aut
|9 646675
|
| 919 |
|
|
|a 5-8016-0251-8
|
| 999 |
|
|
|c 999166
|d 1001096
|
| 952 |
|
|
|a SNK
|b SNK
|y VYP
|7 0
|p 17A0586410
|o snkIB 71786
|i snk2008/8723
|8 1
|0 0
|1 0
|4 0
|d 2008-04-16
|l 0
|r 2026-02-24 12:14:33
|w 2026-02-24
|